US States Without First and Last Letter - Sudden Death - Statistics

General Stats
  • This quiz has been taken 55 times
  • The average score is 23 of 25
Answers on the Grid
Answers color-coded by a green-red scale on the quiz's grid according to % correct below.
LABAM
LASK
RIZON
ELAWAR
LORID
DAH
OW
ENTUCK
AIN
ARYLAN
ONTAN
EVAD
HI
KLAHOM
REGO
ENNESSE
EXA
TA
ERMON
OLORAD
EORGI
NDIAN
ANSA
ISCONSI
YOMIN
MA
OLUMBU
LYMPI
TLANT
ANAD
EXIC
AMAIC
 
Answer Stats
Answer % Correct
DELAWARE ELAWAR
98%
WISCONSIN ISCONSI
98%
COLORADO OLORAD
98%
ARIZONA RIZON
98%
KANSAS ANSA
96%
TENNESSEE ENNESSE
96%
KENTUCKY ENTUCK
96%
GEORGIA EORGI
96%
ALASKA LASK
96%
INDIANA NDIAN
96%
MAINE AIN
94%
TEXAS EXA
94%
OKLAHOMA KLAHOM
94%
MONTANA ONTAN
94%
IDAHO DAH
92%
VERMONT ERMON
92%
NEVADA EVAD
92%
OHIO HI
92%
ALABAMA LABAM
92%
FLORIDA LORID
92%
IOWA OW
92%
OREGON REGO
92%
WYOMING YOMIN
92%
MARYLAND ARYLAN
90%
UTAH TA
82%
No matching quizzes found
Score Distribution
Percent of People with Each Score
Percentile by Number Answered
Your Score History
You have not taken this quiz